Online
Catalog

Ley no. 241 de tránsito de vehículos : (Record no. 55555)

MARC details
000 -CABECERA
campo de control de longitud fija 01671nam a2200349 i 4500
003 - IDENTIFICADOR DEL NÚMERO DE CONTROL
campo de control DO-SdBNP
005 - FECHA Y HORA DE LA ÚLTIMA TRANSACCIÓN
campo de control 20250617103025.0
007 - CAMPO FIJO DE DESCRIPCIÓN FÍSICA--INFORMACIÓN GENERAL
campo de control de longitud fija ta
008 - DATOS DE LONGITUD FIJA--INFORMACIÓN GENERAL
campo de control de longitud fija 181122s2001 dr 001 0 spa d
040 ## - FUENTE DE LA CATALOGACIÓN
Centro catalogador/agencia de origen DO-SdBNP
Lengua de catalogación spa
Centro/agencia transcriptor BNPHU
Normas de descripción rda
082 #4 - NÚMERO DE LA CLASIFICACIÓN DECIMAL DEWEY
Número de clasificación 343.7293046
Número de documento/Ítem R426Le, 2001
Número de edición 22
110 1# - ENTRADA PRINCIPAL--NOMBRE DE ENTIDAD CORPORATIVA
Nombre de entidad corporativa o nombre de jurisdicción como elemento de entrada República Dominicana.
9 (RLIN) 11088
240 ## - TÍTULO UNIFORME
Título uniforme [Leyes, etc.]
245 10 - MENCIÓN DE TÍTULO
Título Ley no. 241 de tránsito de vehículos :
Resto del título (con legislación complementaria y jurisprudencia) /
Mención de responsabilidad, etc. prólogo, Jorge A. Subero Isa
246 14 - FORMA VARIANTE DE TÍTULO
Título propio/Titulo breve Ley no. 241 régimen jurídico de tránsito de vehículos (con legislación complementaria y jurisprudencia) ; edición actualizada y adaptada para estudio con las leyes Nos. 114-99, 80-99 y 143-01 prohíbe uso celular
250 ## - MENCIÓN DE EDICIÓN
Mención de edición Quinta edición revisada, actualizada y ampliada
264 #1 - PRODUCCIÓN, PUBLICACIÓN, DISTRIBUCIÓN, FABRICACIÓN Y COPYRIGHT
Producción, publicación, distribución, fabricación y copyright Moca, República Dominicana :
Nombre del de productor, editor, distribuidor, fabricante Dalis,
Fecha de producción, publicación, distribución, fabricación o copyright 2001.
300 ## - DESCRIPCIÓN FÍSICA
Extensión 198 páginas ;
Dimensiones 23 cm.
336 ## - TIPO DE CONTENIDO
Término de tipo de contenido texto
Código de tipo de contenido txt
Fuente rdacontent
337 ## - TIPO DE MEDIO
Nombre/término del tipo de medio sin mediación
Código del tipo de medio n
Fuente rdamedia
338 ## - TIPO DE SOPORTE
Nombre/término del tipo de soporte volumen
Código del tipo de soporte nc
Fuente rdacarrier
500 ## - NOTA GENERAL
Nota general Incluye índice alfabético.
500 ## - NOTA GENERAL
Nota general Ley que prohíbe uso celulares o móvil conduciendo.
500 ## - NOTA GENERAL
Nota general Normas generales de la DGII No. 07-01 y No. 07-01.
500 ## - NOTA GENERAL
Nota general actualizada y mod. por la ley No. 114-99 en los arts. 49; 51; 52; 109 (sanciona los arts. 105, 106, 107, 108); 153 y 161. y anexo del art. 2 de la ley No. 80-99.
590 ## - NOTA LOCAL (RLIN)
Nota local Inventariado, 2023/ YL
650 #4 - PUNTO DE ACCESO ADICIONAL DE MATERIA--TÉRMINO DE MATERIA
Término de materia o nombre geográfico como elemento de entrada Reglamentos de tránsito
Subdivisión geográfica República Dominicana
9 (RLIN) 77295
650 #4 - PUNTO DE ACCESO ADICIONAL DE MATERIA--TÉRMINO DE MATERIA
Término de materia o nombre geográfico como elemento de entrada Transporte automotriz
Subdivisión general Legislación
Subdivisión geográfica República Dominicana
9 (RLIN) 75014
700 1# - PUNTO DE ACCESO ADICIONAL--NOMBRE DE PERSONA
Nombre de persona Subero Isa, Jorge A.,
Término indicativo de función/relación prologuista
Código de función/relación pr.
9 (RLIN) 65694
910 ## - DATOS DE OPCIÓN DEL USUARIO (OCLC)
Datos de opción del usuario YLockward
942 ## - ELEMENTOS DE PUNTO DE ACCESO ADICIONAL (KOHA)
Fuente del sistema de clasificación o colocación Dewey Decimal Classification
Tipo de ítem Koha Libro
Holdings
Estado de retiro Estado de pérdida Fuente del sistema de clasificación o colocación Restricciones de uso No para préstamo Código de colección Localización permanente Ubicación/localización actual Ubicación en estantería Fecha de adquisición Fuente de adquisición Total de préstamos Signatura topográfica completa Código de barras Fecha visto por última vez Precio válido a partir de Tipo de ítem Koha
    Dewey Decimal Classification Excluido de préstamo   Patrimonio Dominicano Biblioteca Nacional Pedro Henríquez Ureña Biblioteca Nacional Pedro Henríquez Ureña En catalogación 10.03.2023 Donado por José Alfonso Cabrera   BNPHU PD R426Le, 2001 343.7293046 2023-7950 22.11.2023 22.11.2023 Libro

Powered by Koha